000 00311 a2200085 4500
999 _c20232
_d20232
003 WA 310
005 20211124104845.0
008 211124b xxu||||| |||| 00| 0 eng d
040 _aWA 310
_cWA 310
245 0 0 _aBadania środowiskowe - Część 2-14: Próby - Próba N: Zmiany temperatury PN-EN 60068-2-14:2009E /
_cKT nr 282.
246 1 3 _aPN-EN 60068-2-14:2009E
260 _aWarszawa :
_bKT nr 282,
_c2009.
300 _a21 stron ;
_c30 cm.
336 _2rdacontent
_aTekst
_btxt
337 _2rdamedia
_aBez urządzenia pośredniczącego
_bn
338 _2rdacarrier
_aWolumin
_bnc
590 _6Status: aktualna.
650 _aPolska norma
942 _2ddc
_cBK